Catálogo - Centro de Recursos para el Aprendizaje y la Investigación

Volver al Sitio - CRAI Biblioteca

El complot que tumbó al jefe / (Registro nro. 113461)

Detalles MARC
000 -CABECERA
campo de control de longitud fija 01774nam a2200349 4500
001 - NÚMERO DE CONTROL
campo de control 113461
003 - IDENTIFICADOR DEL NÚMERO DE CONTROL
campo de control DR-UNIBE
005 - FECHA Y HORA DE LA ÚLTIMA TRANSACCIÓN
campo de control 20250806062552.0
008 - DATOS DE LONGITUD FIJA--INFORMACIÓN GENERAL
campo de control de longitud fija 250416b2024 dr ||||| |||| 00| 0 spa d
020 ## - NÚMERO INTERNACIONAL ESTÁNDAR DEL LIBRO
Número Internacional Estándar del Libro 9789945251111
040 ## - FUENTE DE LA CATALOGACIÓN
Centro catalogador/agencia de origen BIBLIOTECA UNIBE
Lengua de catalogación spa
Centro/agencia transcriptor BIBLIOTECA UNIBE
Normas de descripción rda
041 ## - CÓDIGO DE LENGUA
Código de lengua del texto/banda sonora o título independiente spa
082 ## - NÚMERO DE LA CLASIFICACIÓN DECIMAL DEWEY
Número de edición 22
Número de clasificación RD 972.93053 G215c 2024
100 10 - ENTRADA PRINCIPAL--NOMBRE DE PERSONA
Nombre de persona García Michel, Eduardo,
Fechas asociadas al nombre 1946-
Término indicativo de función/relación autor
9 (RLIN) 81139
245 13 - MENCIÓN DE TÍTULO
Título El complot que tumbó al jefe /
Mención de responsabilidad, etc. Eduardo García Michel ; prólogo: José Rafael Lantigua ; cuidado de la edición por el Área de Publicaciones ; diagramación por Yahaira Fernández Vásquez ; diseño de portada por Yenifer de la Rosa ; motivo de cubierta por Cubierta tipográfica
250 ## - MENCIÓN DE EDICIÓN
Mención de edición Primera edición
260 ## - PUBLICACIÓN, DISTRIBUCIÓN, ETC.
Lugar de publicación, distribución, etc. Santo Domingo :
Nombre del editor, distribuidor, etc. Archivo General de la Nación (AGN),
Fecha de publicación, distribución, etc. 2024
300 ## - DESCRIPCIÓN FÍSICA
Extensión 374 páginas :
Otras características físicas fotos b/n ;
Dimensiones 22 x 15 cm
490 ## - MENCIÓN DE SERIE
Mención de serie Archivo General de la Nación ;
Designación de volumen o secuencia 486
500 ## - NOTA GENERAL
Nota general Información del autor en las solapas y comentario de la obra
600 #7 - PUNTO DE ACCESO ADICIONAL DE MATERIA--NOMBRE DE PERSONA
Nombre de persona Trujillo Molina, Rafael Leonidas,
Fechas asociadas al nombre 1891-1961
9 (RLIN) 39608
Subdivisión de forma Política y gobierno
650 #7 - PUNTO DE ACCESO ADICIONAL DE MATERIA--TÉRMINO DE MATERIA
Fuente del encabezamiento o término lemb
Término de materia o nombre geográfico como elemento de entrada Asesinato
Subdivisión geográfica República Dominicana
9 (RLIN) 195763
650 #7 - PUNTO DE ACCESO ADICIONAL DE MATERIA--TÉRMINO DE MATERIA
Fuente del encabezamiento o término lemb
Término de materia o nombre geográfico como elemento de entrada Conspiraciones -- República Dominicana
9 (RLIN) 195764
650 #7 - PUNTO DE ACCESO ADICIONAL DE MATERIA--TÉRMINO DE MATERIA
Fuente del encabezamiento o término lemb
Término de materia o nombre geográfico como elemento de entrada Revolucionarios
Subdivisión geográfica República Dominicana
9 (RLIN) 10453
650 #7 - PUNTO DE ACCESO ADICIONAL DE MATERIA--TÉRMINO DE MATERIA
Fuente del encabezamiento o término lemb
Término de materia o nombre geográfico como elemento de entrada República Dominicana
Subdivisión general Historia
Subdivisión cronológica Era de Trujillo, 1930-1961
9 (RLIN) 9302
700 10 - PUNTO DE ACCESO ADICIONAL--NOMBRE DE PERSONA
Nombre de persona Fernández Vásquez, Yahaira
9 (RLIN) 155947
Término indicativo de función/relación diagramador
700 10 - PUNTO DE ACCESO ADICIONAL--NOMBRE DE PERSONA
Nombre de persona Rosa, Yenifer de la
Término indicativo de función/relación diseñador de portada
9 (RLIN) 195765
700 #0 - PUNTO DE ACCESO ADICIONAL--NOMBRE DE PERSONA
Nombre de persona Lantigua, José Rafael,
Fechas asociadas al nombre 1949 -2025
Término indicativo de función/relación prologuista
9 (RLIN) 8906
710 20 - PUNTO DE ACCESO ADICIONAL--NOMBRE DE ENTIDAD CORPORATIVA
Nombre de entidad corporativa o nombre de jurisdicción como elemento de entrada Cubierta tipográfica
9 (RLIN) 194386
Término indicativo de función/relación cubierta
710 20 - PUNTO DE ACCESO ADICIONAL--NOMBRE DE ENTIDAD CORPORATIVA
Nombre de entidad corporativa o nombre de jurisdicción como elemento de entrada Archivo General de la Nación (AGN)
Unidad subordinada Área de publicaciones
9 (RLIN) 194325
Término indicativo de función/relación cuidado de la edición
942 ## - ELEMENTOS DE PUNTO DE ACCESO ADICIONAL (KOHA)
Fuente del sistema de clasificación o colocación Sistema de Clasificación Decimal Dewey
Tipo de ítem Koha Libro (general)
Existencias
Estado de retiro Estado de pérdida Fuente del sistema de clasificación o colocación No para préstamo Código de colección Localización permanente Fecha de adquisición Total de préstamos Signatura topográfica completa Código de barras Fecha visto por última vez Número de copia Precio válido a partir de Tipo de ítem Koha
  Disponible Sistema de Clasificación Decimal Dewey   General - Libros dominicanos Biblioteca Central UNIBE 28/04/2025   RD 972.93053 G215c 2024 250438 16/04/2025 Ej. 1 16/04/2025 Libro (general)
  Disponible Sistema de Clasificación Decimal Dewey   General - Libros dominicanos Biblioteca Central UNIBE 28/04/2025   RD 972.93053 G215c 2024 250439 16/04/2025 Ej. 2 16/04/2025 Libro (general)